000 01091nam a2200337Ia 4500
001 063978
008 221003m2022 xx 000 0 cat d
035 _aCENDO_53375
041 _acat
245 0 _a<L'>1 de Maig, el sindicat va tornar al carrer
260 _aLleida :
_bUnió Comarcal de les Terres de Lleida,
_c2022
300 _a1 p. ;
_c 30 cm
500 _aEn: Lo Sindicat, n. 178 (mayo 2022), p. 1
650 0 _aDERECHOS DE LOS TRABAJADORES
_94
650 _aMOVIMIENTO OBRERO
_9970
650 _aCLASE TRABAJADORA
_9385
650 _aDERECHOS ECONOMICOS Y SOCIALES
_9302
650 0 _aCOMUNIDADES AUTONOMAS
_9344
650 _aCATALUÑA
_9539
650 0 _aACTITUD SINDICAL
_961
710 _aCCOO
_bCONC
_bUnió Comarcal de les Terres de Lleida
_eed.
_920348
856 _zPDF
_uhttp://docpublicos.ccoo.es/cendoc/063978MayoSindicatoCalle.pdf
901 _a0
903 _aNO
904 _a000
907 _aPrimero de Mayo
953 _d2022-05-31
_yDOCU_ELEC
_hLo Sindicat, n. 178 (mayo 2022), p. 1
_tPS121
999 _c53374
_d53374
910 _a2022
942 _cDOCU_ELEC